header

Kants Philosophie der Natur (Record no. 55670)

MARC details
000 -LEADER
fixed length control field 01532nam a2200337Ia 4500
245 00 - TITLE STATEMENT
Title Kants Philosophie der Natur
260 ## - PUBLICATION, DISTRIBUTION, ETC. (IMPRINT)
Place of publication Berlin ;
-- New York :
Name of publisher Walter de Gruyter,
Year of publication c2009.
300 ## - PHYSICAL DESCRIPTION
Number of Pages viii, 470 p. :
Other physical details ill.
500 ## - GENERAL NOTE
General note Papers presented at a conference held in Amsterdam on September 2007.
650 #0 - SUBJECT ADDED ENTRY--TOPICAL TERM
Topical Term Philosophy of nature
Topical Term Philosophy, German
700 1# - ADDED ENTRY--PERSONAL NAME
Personal name Onnasch, Ernst-Otto Jan.
856 40 - ELECTRONIC LOCATION AND ACCESS
Uniform Resource Identifier http://site.ebrary.com/lib/rucke/Doc?id=10329831

No items available.

© 2026 Rongo University
Contact us: librarian | system librarian | Rongo university